Տնտեսության զարգացման հիմնախնդիրները ՀՀ անկախության 25-րդ ամյակի շեմին : (Record no. 526494)
[ view plain ]
| 000 -LEADER | |
|---|---|
| fixed length control field | 02558nam a2200325 a 4500 |
| 001 - CONTROL NUMBER | |
| control field | 001191643 |
| 003 - CONTROL NUMBER IDENTIFIER | |
| control field | AM-YEHGA |
| 005 - DATE AND TIME OF LATEST TRANSACTION | |
| control field | 20250618080106.0 |
| 008 - FIXED-LENGTH DATA ELEMENTS--GENERAL INFORMATION | |
| fixed length control field | 161122s2016 ai a|||gr|||||||||0|arm|d |
| 020 ## - INTERNATIONAL STANDARD BOOK NUMBER | |
| International Standard Book Number | 9789939911571 |
| 040 ## - CATALOGING SOURCE | |
| Original cataloging agency | AM-YeHGA |
| 041 0# - LANGUAGE CODE | |
| Language code of text/sound track or separate title | arm |
| -- | rus |
| -- | eng |
| 090 ## - LOCALLY ASSIGNED LC-TYPE CALL NUMBER (OCLC); LOCAL CALL NUMBER (RLIN) | |
| -- | 564099 |
| 245 00 - TITLE STATEMENT | |
| Title | Տնտեսության զարգացման հիմնախնդիրները ՀՀ անկախության 25-րդ ամյակի շեմին : |
| Remainder of title | Միջբուհական գիտաժողովի նյութեր : Մայիսի 24-25, 2016թ. = «Проблемы экономики на пороге 25-летия независимости РА» : материалы межвузовской научной конференции, 24-25 май, 2016 г. = Issues of economy development in RA at the threshold of the 25th anniversary : materials of interuniversity scientific conference, 24-25 may, 2016 / |
| Statement of responsibility, etc. | Խմբագրական-հրատարակչական խորհուրդ՝ Բ. Մակիչյան; Գ. Ասատրյան; Ս.Ավետիսյան; Ա. Ճուղուրյան; Ա. Հակոբյան; Հյուսիսային համալսարան. |
| 246 15 - VARYING FORM OF TITLE | |
| Title proper/short title | «Проблемы экономики на пороге 25-летия независимости РА» : |
| Remainder of title | материалы межвузовской научной конференции, 24-25 май, 2016 г. |
| 246 15 - VARYING FORM OF TITLE | |
| Title proper/short title | Issues of Economy Development in RA at the Threshold of the 25th Anniversary : |
| Remainder of title | materials of interuniversity scientific conference, 24-25 may, 2016. |
| 260 ## - PUBLICATION, DISTRIBUTION, ETC. | |
| Place of publication, distribution, etc. | Երևան : |
| Name of publisher, distributor, etc. | Արսեն Ժամհարյան, |
| Date of publication, distribution, etc. | 2016. |
| 300 ## - PHYSICAL DESCRIPTION | |
| Extent | 169 էջ : |
| Other physical details | աղյուսակներ ; |
| Dimensions | 20 սմ. |
| 504 ## - BIBLIOGRAPHY, ETC. NOTE | |
| Bibliography, etc. note | Տողատակում՝ ծանոթագրություններ: |
| 546 ## - LANGUAGE NOTE | |
| Language note | Բնագիրը՝ հայերեն, ռուսերեն և անգլերեն: |
| 651 14 - SUBJECT ADDED ENTRY--GEOGRAPHIC NAME | |
| Geographic name | Հայաստանի Հանրապետություն |
| General subdivision | Տնտեսական քաղաքականություն |
| Form subdivision | Գիտաժողովներ |
| 700 1# - ADDED ENTRY--PERSONAL NAME | |
| Personal name | Մակիչյան, Բորիս |
| Relator term | խմբ. |
| Relationship | edt |
| 700 1# - ADDED ENTRY--PERSONAL NAME | |
| Personal name | Ասատրյան, Գրիգոր |
| Relator term | խմբ. |
| Relationship | edt |
| 700 1# - ADDED ENTRY--PERSONAL NAME | |
| Personal name | Ավետիսյան, Սամվել |
| Relator term | խմբ. |
| Relationship | edt |
| 9 (RLIN) | 3131 |
| 700 1# - ADDED ENTRY--PERSONAL NAME | |
| Personal name | Ճուղուրյան, Արմեն Գևորգի, |
| Dates associated with a name | 1960- |
| Relator term | խմբ. |
| Relationship | edt |
| 9 (RLIN) | 3640 |
| 700 1# - ADDED ENTRY--PERSONAL NAME | |
| Personal name | Հակոբյան, Ա. Ա |
| Relator term | խմբ. |
| Relationship | edt |
| 710 2# - ADDED ENTRY--CORPORATE NAME | |
| Corporate name or jurisdiction name as entry element | Հյուսիսային համալսարան |
| 9 (RLIN) | 8825 |
| 711 2# - ADDED ENTRY--MEETING NAME | |
| Meeting name or jurisdiction name as entry element | Տնտեսության զարգացման հիմնախնդիրները ՀՀ անկախության 25-րդ ամյակի շեմին |
| Date of meeting or treaty signing | (24-25 մայիսի, 2016թ.) |
| 942 ## - ADDED ENTRY ELEMENTS (KOHA) | |
| Source of classification or shelving scheme | Universal Decimal Classification |
| Koha item type | Գրքեր / Books |
| Withdrawn status | Lost status | Damaged status | Not for loan | Collection | Home library | Current library | Date acquired | Total checkouts | Full call number | Barcode | Date last seen | Price effective from | Koha item type | Public note |
|---|---|---|---|---|---|---|---|---|---|---|---|---|---|---|
| General | Fundamental Scientific Library | Fundamental Scientific Library | 16/12/2022 | AII/109125 | FL0677756 | 16/12/2022 | 16/12/2022 | Գրքեր / Books | 30 Days Loan |
ՀՀ Գիտությունների ազգային ակադեմիայի հիմնարար գիտական գրադարան = Fundamental Scientific Library of NAS RA
All site content, except where otherwise noted, is licensed under a